[Event "IND-ch"]
[Site "?"]
[Date "1994.??.??"]
[Round "5"]
[White "Shetty, Rahul"]
[Black "Mishra, Neeraj Kumar"]
[Result "0-1"]
[WhiteElo "2340"]
[BlackElo "2375"]

1.e4 c5 2.Nf3 e6 3.d4 cxd4 4.Nxd4 Nc6 5.Nc3 a6 6.Be3 Qc7 7.Bd3 b5 8.O-O Bb7
9.Kh1 Nf6 10.a3 Ne5 11.f4 Nc4 12.Bxc4 Qxc4 13.e5 Nd5 14.Nxd5 Qxd5 15.Qe2 Rc8
16.Rad1 Qc4 17.Qf2 g6 18.b3 Qc7 19.f5 gxf5 20.Nxf5 exf5 21.Qxf5 Bxg2+ 22.Kxg2 Qxc2+
23.Qxc2 Rxc2+ 24.Rf2 Rxf2+ 25.Kxf2 Bxa3 26.Ra1 b4 27.Bg5 h5 28.Bf6 O-O 29.Rg1+ Kh7
30.Rg7+ Kh6 31.Kf3 a5 32.Ke4 a4 33.Kf5 axb3 34.Rg1 Rc8 35.Bg7+ Kh7 36.Kf6 Rc1
37.Rg5 Rf1+ 38.Ke7 b2 39.Bf6 b1=Q 40.Rxh5+ Kg6 41.Rg5+ Kh6  0-1

[Event "IND-ch"]
[Site "?"]
[Date "1994.??.??"]
[Round "9"]
[White "Saravanan, V."]
[Black "Mishra, Neeraj Kumar"]
[Result "1/2-1/2"]
[WhiteElo "2420"]
[BlackElo "2375"]

1.e4 c5 2.Nf3 e6 3.d4 cxd4 4.Nxd4 Nc6 5.Nc3 Nge7 6.Be3 a6 7.Bd3 Nxd4 8.Bxd4 Nc6
9.Be3 b5 10.O-O Be7 11.f4 O-O 12.e5 f5 13.exf6 Bxf6 14.Bc5 d6 15.Be3 Ne7
16.a4 b4 17.Ne4 Nd5 18.Nxf6+ Qxf6 19.Bc1 Bb7 20.Kh1 Rf7 21.Qe1 Raf8 22.Bd2 Kh8
23.Rb1 Qd4 24.Qxe6 Nxf4 25.Bxf4 Rxf4 26.Rxf4 Qxf4 27.h3 Qd2 28.Be4 Bxe4 29.Qxe4 h6
30.Re1 a5 31.b3 Rf4 32.Qe2 Rd4 33.Qxd2 Rxd2 34.Re8+ Kh7 35.Ra8 Rd5 36.Rb8 Kg6
37.Rb5 Rc5 38.Rb6 Rd5 39.Rb5 Rf5 40.Rb6 Kf6 41.Rxd6+ Ke5 42.Rc6 Kd5 43.Rc7 g5
44.Kh2 h5 45.Kg3 Kd6 46.Rg7 Rc5 47.h4 Rc3+ 48.Kh2 gxh4 49.Rg5 h3 50.g3 Rxc2+
51.Kxh3 Rc5 52.Kh4 Rc3 53.Rxh5 Rxb3 54.Rxa5 Ra3 55.g4 b3 56.Rb5 Ke6 57.Kh5 Rxa4
58.Rxb3 Kf7 59.Rb6 Kg7 60.Rb7+ Kg8  1/2-1/2

[Event "IND-ch"]
[Site "?"]
[Date "1994.??.??"]
[Round "11"]
[White "Wajih, Nassir"]
[Black "Mishra, Neeraj Kumar"]
[Result "0-1"]
[WhiteElo "2340"]
[BlackElo "2375"]

1.e4 c5 2.Nf3 e6 3.d4 cxd4 4.Nxd4 Nc6 5.Nc3 Qc7 6.Be2 a6 7.Be3 Nf6 8.O-O Bb4
9.Na4 O-O 10.Nxc6 bxc6 11.Nb6 Rb8 12.Nxc8 Rfxc8 13.Bxa6 Rf8 14.Bd3 Bd6 15.f4 e5
16.f5 Rxb2 17.g4 Qa5 18.g5 Bc5 19.Bxc5 Qxc5+ 20.Kh1 Ne8 21.Qh5 f6 22.Rf3 fxg5
23.Qxg5 Nf6 24.Rg1 Rf7 25.Rfg3 d5 26.Qh6 Qa7 27.a4 Kh8 28.Qc1 Rb4 29.c4 dxe4
30.Qe1 Qc5 31.Be2 Rxa4 32.Qd2 Ra8 33.Qc1 Qf2 34.Qb2 Qd4 35.Qc1 Ra2 36.Rd1 Qc5
37.Qe3 Qa5 38.Rd3 Qe1+ 39.Rg1 Qxe2 40.Qxe2 Rxe2 41.Rd8+ Ng8 42.Rb1 Ra2  0-1

[Event "IRL-ch"]
[Site "?"]
[Date "1994.??.??"]
[Round "2"]
[White "Carton, Niall"]
[Black "Joyce, John"]
[Result "1-0"]
[WhiteElo "2265"]
[BlackElo "2185"]

1.e4 c5 2.Nf3 e6 3.d4 cxd4 4.Nxd4 Nc6 5.Nc3 a6 6.Be3 Nge7 7.Be2 Nxd4 8.Qxd4 b5
9.O-O Nc6 10.Qd2 Be7 11.f4 O-O 12.Rad1 d6 13.f5 Ne5 14.a4 bxa4 15.Nxa4 Rb8
16.Bd4 Qc7 17.Nc3 Nc6 18.Be3 Rxb2 19.f6 gxf6 20.Bh6 Re8 21.Rf3 Kh8 22.Rg3 Rg8
23.Rxg8+ Kxg8 24.Na4 Rb8 25.Qc3 Qa7+ 26.Kh1 Ne5 27.Qg3+ Ng6 28.h4 Bd7 29.Be3 Qc7
30.Nc5 Bb5 31.c4 Qc6 32.cxb5 axb5 33.h5 Rc8 34.hxg6 hxg6 35.Nxe6 Qxe4 36.Nf4  1-0

[Event "Jakarta"]
[Site "Jakarta"]
[Date "1994.??.??"]
[Round "9"]
[White "Liu Dede"]
[Black "Adianto, Utut"]
[Result "0-1"]
[WhiteElo "2320"]
[BlackElo "2535"]

1.e4 c5 2.Nf3 e6 3.d4 cxd4 4.Nxd4 Nc6 5.Nc3 Nf6 6.Ndb5 d6 7.Bf4 e5 8.Bg5 a6
9.Na3 b5 10.Bxf6 gxf6 11.Nd5 f5 12.Bd3 Be6 13.Qh5 Bg7 14.O-O f4 15.c3 O-O
16.Nc2 f5 17.f3 Bf7 18.Qh3 Bxd5 19.exd5 Ne7 20.Nb4 a5 21.Nc6 Qb6+ 22.Kh1 Nxd5
23.Bxf5 Rxf5 24.Qxf5 Qxc6 25.Qe6+ Kf8 26.Rfd1 Ne3 27.Rxd6 Qe8 28.Qxe8+ Kxe8
29.Rb6 b4 30.cxb4 axb4 31.Rc1 Bf8 32.Rb7 Be7 33.h4 Rxa2 34.Rc8+ Kf7 35.Rh8 Ke6
36.Rxh7 Nf5 37.Kh2 Rxb2 38.Rb6+ Kd5 39.Rb5+ Kd4 40.Kh3 Rb1 41.Kg4 Ne3+ 42.Kh5 Bxh4
43.Rd7+ Kc4 44.Rxe5 Bg3 45.Re4+ Kc3 46.Rc7+ Kd3 47.Rb7 b3 48.Reb4 Kc3 49.Kg5 Nxg2
50.R4b6 Ne1 51.Rc7+ Kb2 52.Kg4 Rd1 53.Re7 Rd3 54.Re2+ Kb1 55.Rh6 Nxf3  0-1

[Event "JUG-chT2"]
[Site "?"]
[Date "1994.??.??"]
[Round "3"]
[White "Misailovic, Nebojsa"]
[Black "Kontic, Djordje"]
[Result "0-1"]
[WhiteElo "2405"]
[BlackElo "2390"]

1.e4 c5 2.Nf3 Nc6 3.d4 cxd4 4.Nxd4 e6 5.Nc3 Qc7 6.Be3 a6 7.a3 Nf6 8.Bd3 d5
9.exd5 exd5 10.h3 Bd6 11.O-O O-O 12.Nf5 Bh2+ 13.Kh1 Be5 14.Bd2 Be6 15.f4 Bxc3
16.Bxc3 Bxf5 17.Bxf5 Ne7 18.Bd3 Ne4 19.Bxe4 dxe4 20.f5 f6 21.Qd4 Qc6 22.Rae1 Nd5
23.Ba5 Qb5 24.Bd2 Rac8 25.Qxe4 Rfe8 26.Qf3 Rxe1 27.Rxe1 Rxc2 28.a4 Qc6 29.Re6 Qd7
30.Qd1 Rc6 31.Re1 Qxf5 32.Bf4 Re6 33.Bg3 Rxe1+ 34.Qxe1 Kf7 35.Qd1 h5 36.Qb3 Qd7
37.Qc4 Qc6 38.Qe2 g6 39.Qd2 Ne7 40.Qh6 Nf5 41.Qh7+ Ng7 42.a5 Qc1+ 43.Kh2 Qxb2
44.Qh8 Qb5 45.Qd8 Ne6 46.Qb8 g5 47.Qh8 h4 48.Bd6 Qd7 49.Qh5+ Kg7 50.Qd1 Qd8
51.Qd5 Nc7 52.Qc5 Nb5 53.Be7 Qxa5 54.Bf8+ Kg8 55.Bd6 Qd8 56.Qc4+ Kg7 57.Bc5 Qc7+
58.Kh1 b6  0-1

[Event "JUG-chT2"]
[Site "?"]
[Date "1994.??.??"]
[Round "3"]
[White "Svicevic, Rastko"]
[Black "Lazarevic, Aleksandar"]
[Result "0-1"]
[WhiteElo "2270"]
[BlackElo "2175"]

1.e4 c5 2.Nf3 e6 3.d4 cxd4 4.Nxd4 Nc6 5.Nc3 Qc7 6.g3 a6 7.Bg2 Nf6 8.O-O Be7
9.Be3 O-O 10.a4 Rb8 11.h3 d6 12.f4 Bd7 13.Nb3 b6 14.g4 Ne8 15.Qe2 Nb4 16.g5 g6
17.h4 Ng7 18.Bh3 d5 19.Bd4 Bd6 20.Qd2 Nh5 21.Ne2 Qxc2 22.Qe3 Qxe4 23.Qxe4 dxe4
24.Rad1 Bxa4 25.Nec1 Nxf4 26.Bg4 e5 27.Be3 Nbd3 28.Rd2 Bb4 29.Rh2 f5 30.Bd1 Rfc8
31.Nxd3 Nxd3 32.h5 f4 33.hxg6 hxg6 34.Bd2 Bxd2 35.Nxd2 Bxd1 36.Rxd1 Nxb2
37.Re1 e3 38.Ne4 Nd3 39.Rd1 Rc1 40.Nf6+ Kf7  0-1

[Event "JUG-chT2"]
[Site "?"]
[Date "1994.??.??"]
[Round "3"]
[White "Miranovic, Rajko"]
[Black "Spasojevic, Zoran"]
[Result "1-0"]
[WhiteElo "2395"]
[BlackElo "2290"]

1.e4 c5 2.Nf3 Nc6 3.d4 cxd4 4.Nxd4 e6 5.Nc3 Qc7 6.Be3 a6 7.Qd2 Nf6 8.f3 Bb4
9.Nb3 d5 10.a3 Bxc3 11.Qxc3 dxe4 12.fxe4 O-O 13.Bd3 Ng4 14.Bg1 Rd8 15.O-O-O Nge5
16.Bf2 b6 17.Be2 Bb7 18.Bg3 Rac8 19.Rxd8+ Rxd8 20.Rd1 Rxd1+ 21.Bxd1 Qd6 22.Qe3 Qd8
23.Be2 f6 24.Bf2 b5 25.Nc5 Bc8 26.a4 bxa4 27.Nxa4 Qa5 28.b3 Qb4 29.Kb2 a5
30.c3 Qd6 31.Bg3 Bd7 32.Nb6 Be8 33.Nc4 Nxc4+ 34.Bxc4 Ne5 35.Bxe5 Qxe5 36.Qd4 Qxd4
37.Bxe6+ Kf8 38.cxd4 Ke7 39.Bc4 Kd6 40.Bd3 h6  1-0

[Event "JUG-chT2"]
[Site "?"]
[Date "1994.??.??"]
[Round "6"]
[White "Ermenkov, Evgenij"]
[Black "Kontic, Djordje"]
[Result "1/2-1/2"]
[WhiteElo "2475"]
[BlackElo "2390"]

1.e4 c5 2.Nf3 Nc6 3.d4 cxd4 4.Nxd4 e6 5.Nc3 Qc7 6.Be2 a6 7.O-O Nf6 8.Kh1 Nxd4
9.Qxd4 Bc5 10.Qd3 h5 11.f4 Ng4 12.e5 d5 13.exd6 Qxd6 14.Qxd6 Bxd6 15.Ne4 Be7
16.Bf3 Bd7 17.Bd2 Bb5 18.Rfe1 f5 19.Ng5 O-O-O 20.Ba5 Nf2+ 21.Kg1 Bc5 22.Nxe6 Nh3+
23.Kh1 Nf2+ 24.Kg1 Nh3+ 25.Kh1 Nf2+ 26.Kg1 Nh3+  1/2-1/2

[Event "JUG-chT2"]
[Site "?"]
[Date "1994.??.??"]
[Round "6"]
[White "Nikac, Predrag"]
[Black "Marjanovic, Slavoljub"]
[Result "1/2-1/2"]
[WhiteElo "2385"]
[BlackElo "2425"]

1.e4 c5 2.Nf3 e6 3.d4 cxd4 4.Nxd4 Nc6 5.Nc3 Qc7 6.Be2 a6 7.O-O Nf6 8.Kh1 Bb4
9.Nxc6 bxc6 10.f4 d5 11.e5 Bxc3 12.bxc3 Ne4 13.Bd3 c5 14.Qe1 Bb7 15.Rb1 O-O
16.c4 Rab8 17.f5 exf5 18.Rxf5 Bc8 19.Rxb8 Bxf5 20.Rxf8+ Kxf8 21.Ba3 Qxe5
22.Bxc5+ Kg8 23.cxd5 Qxd5 24.Bg1 h6 25.Bxa6 Qxa2 26.Bd3 Qd5 27.Qb4 Nd6 28.Bxf5 Nxf5
29.c4 Ng3+ 30.hxg3  1/2-1/2

[Event "JUG-chT2"]
[Site "?"]
[Date "1994.??.??"]
[Round "8"]
[White "Cabarkapa, Velibor"]
[Black "Lazarevic, Aleksandar"]
[Result "1-0"]
[WhiteElo "2285"]
[BlackElo "2175"]

1.e4 c5 2.Nf3 e6 3.d4 cxd4 4.Nxd4 Nc6 5.Nc3 Qc7 6.g3 a6 7.Bg2 d6 8.O-O Bd7
9.Re1 Be7 10.Nxc6 Bxc6 11.Bf4 b5 12.a4 b4 13.Na2 a5 14.c3 bxc3 15.Nxc3 Rb8
16.Rc1 Qd7 17.e5 d5 18.Qg4 g6 19.Red1 h5 20.Qe2 Nh6 21.Nxd5 Bxd5 22.Bxd5 exd5
23.e6 Qxe6 24.Qxe6 fxe6 25.Bxb8 O-O 26.Bc7 Bb4 27.Rc6 Ng4 28.Rxe6 Bc5 29.Bb6 Bxf2+
30.Bxf2 Rxf2 31.Rxg6+  1-0

[Event "JUG-chT2"]
[Site "?"]
[Date "1994.??.??"]
[Round "10"]
[White "Mackic, Zoran"]
[Black "Kontic, Djordje"]
[Result "0-1"]
[WhiteElo "2400"]
[BlackElo "2390"]

1.e4 c5 2.Nf3 Nc6 3.d4 cxd4 4.Nxd4 e6 5.Nc3 Qc7 6.g3 a6 7.Bg2 h5 8.O-O h4
9.Re1 hxg3 10.hxg3 Na5 11.Bf4 d6 12.e5 d5 13.Nf5 Qd8 14.Nxd5 exd5 15.Nd6+ Bxd6
16.exd6+ Kf8 17.Qxd5 Be6 18.Qd2 Nf6 19.b3 Nc6 20.c4 Qa5 21.Qxa5 Nxa5 22.c5 Nc6
23.b4 Bd5 24.Red1 Bxg2 25.Kxg2 Ke8 26.Rab1 Kd7 27.a4 a5 28.b5 Nb4 29.c6+ bxc6
30.bxc6+ Kxc6 31.Rbc1+ Kb6 32.Be3+ Ka6 33.Rc7 Rhd8 34.Rxf7 Rd7 35.Rxd7 Nxd7
36.Bd4 Rg8 37.Rc1 Nd5 38.Kf3 g6 39.Ke4 N7b6 40.f4 Re8+ 41.Be5 Nb4 42.Rc7 Nxa4
43.Re7 Nc5+ 44.Kd4 Rc8 45.d7 Nb3+ 46.Ke4 Nc5+ 47.Kd4 Nb3+ 48.Ke4 Rd8 49.Re6+ Kb5
50.Rxg6 Nc5+ 51.Kf5 Nxd7 52.Bg7 Nc5 53.Rh6 Nd5 54.Rh8 Ne3+ 55.Kg6 Rxh8 56.Bxh8 Ne4
57.Bd4 Ng4 58.f5 a4 59.f6 Nexf6 60.Kf5 a3 61.Ba1 Kc4 62.Kg5 Kd3 63.Kf5 Kc2
64.Kg5 Kb1 65.Bd4 a2 66.Kf5 Ne3+  0-1

[Event "JUG-chT"]
[Site "JUG"]
[Date "1994.??.??"]
[Round "3"]
[White "Tseshkovsky, Vitaly"]
[Black "Rajkovic, Dusan"]
[Result "0-1"]
[WhiteElo "2515"]
[BlackElo "2475"]

1.e4 c5 2.Nf3 e6 3.d4 cxd4 4.Nxd4 Nc6 5.Nc3 Qc7 6.Be2 a6 7.O-O Nf6 8.Kh1 Bb4
9.f4 Bxc3 10.bxc3 Nxe4 11.Bf3 d5 12.c4 O-O 13.cxd5 exd5 14.f5 Re8 15.Bb2 Ne5
16.Bxe4 dxe4 17.Qh5 Nc4 18.Ne6 Bxe6 19.Bxg7 Kxg7 20.Qg5+ Kf8 21.Qh6+ Ke7
22.fxe6 Qe5 23.Rxf7+ Kd6 24.Rb1 Rxe6 25.Qh3 Re7 26.Rf5 Qe6 27.g4 e3  0-1

[Event "JUG-chT"]
[Site "JUG"]
[Date "1994.??.??"]
[Round "7"]
[White "Ivanovic, Bozidar"]
[Black "Rajkovic, Dusan"]
[Result "0-1"]
[WhiteElo "2480"]
[BlackElo "2475"]

1.e4 c5 2.Nf3 e6 3.d4 cxd4 4.Nxd4 Nc6 5.Nc3 Qc7 6.Be2 a6 7.O-O Nf6 8.Kh1 Be7
9.f4 d6 10.Be3 O-O 11.Qe1 Nxd4 12.Bxd4 b5 13.e5 dxe5 14.fxe5 Nd7 15.Ne4 Bb7
16.Nf6+ Nxf6 17.exf6 Bxf6 18.Rxf6 Rfd8 19.Qh4 Rxd4 20.Qxd4 gxf6 21.Qxf6 Qxc2
22.Bf3 Bxf3 23.gxf3 Rc8 24.Qh6 Qxb2 25.Rg1+ Kh8 26.Qf4 f5 27.Qd6 Qc3 28.Rf1 Rg8
29.Qxe6 Qg7 30.Qe2 b4 31.Re1 a5 32.Qe5 a4  0-1

[Event "Heart of Finland op 4th"]
[Site "Jyvaskyla"]
[Date "1994.??.??"]
[Round "?"]
[White "Zaja, Ivan"]
[Black "Seeman, Tarvo"]
[Result "1-0"]
[WhiteElo "2385"]
[BlackElo "2260"]

1.e4 c5 2.Nf3 e6 3.Nc3 Nc6 4.d4 cxd4 5.Nxd4 d6 6.Be3 Be7 7.Bc4 Nf6 8.Qe2 a6
9.O-O-O Qc7 10.Rhg1 O-O 11.g4 Nxe4 12.Nxe4 d5 13.Bd3 dxe4 14.Bxe4 Bd7 15.Nxc6 Bxc6
16.Qc4 Rfd8 17.Bxc6 Qxc6 18.Qxc6 bxc6 19.Bb6 Bg5+ 20.Kb1 Rdb8 21.Bc7 Rc8
22.Ba5 Bd8 23.Bxd8 Rxd8 24.Kc1 Kf8 25.Rg3 Ke7 26.Rxd8 Rxd8 27.Ra3 Ra8 28.Kd2 Kd6
29.Rd3+ Kc7 30.Kc3 Rb8 31.Rf3 f6 32.g5 Rf8 33.Kc4 Kb6 34.gxf6 gxf6 35.Rb3+ Kc7
36.Rh3 Rf7 37.Kc5 Rg7 38.Rh6 Rg5+ 39.Kd4 Rd5+ 40.Ke3 Re5+ 41.Kd2 Rd5+ 42.Ke1 Re5+
43.Kf1 Rb5 44.b3 Rc5 45.c4 Ra5 46.a4 Rf5 47.Rxh7+ Kb6 48.Re7 Re5 49.f4 Re4
50.Kg2 Rxf4 51.Rxe6 a5 52.Re3 Kc5 53.Kg3 Rf1 54.Rf3 Rg1+ 55.Kf2 Rg6 56.h4 Rh6
57.Kg3 Rg6+ 58.Kf4 Kd4 59.h5 Rh6 60.Rh3 Kc5 61.Kf5 Kd6 62.Rd3+ Ke7 63.Kg4 Rh8
64.c5 Rg8+ 65.Kh4 Rg1 66.Rd6 Rb1 67.Rxc6 Rxb3 68.h6 Kf7 69.Rc8 Kg6 70.c6 Rc3
71.c7 Kh7 72.Kg4 Rc5 73.Kf4 Rc1 74.Ke4 Rc2 75.Kd5 Rc1 76.Ke6  1-0

[Event "JUG-ch sf"]
[Site "Kladovo"]
[Date "1994.??.??"]
[Round "?"]
[White "Damjanovic, Vladimir"]
[Black "Matulovic, Milan"]
[Result "1/2-1/2"]
[WhiteElo "2380"]
[BlackElo "2460"]

1.e4 c5 2.Nf3 e6 3.Nc3 Nc6 4.d4 cxd4 5.Nxd4 Qc7 6.f4 a6 7.Be2 b5 8.Nxc6 Qxc6
9.Bf3 Bb7 10.Be3 Rc8  1/2-1/2

[Event "JUG-ch sf"]
[Site "Kladovo"]
[Date "1994.??.??"]
[Round "?"]
[White "Dragojlovic, Andjelko"]
[Black "Marjanovic, Slavoljub"]
[Result "1-0"]
[WhiteElo "2335"]
[BlackElo "2425"]

1.e4 e6 2.d4 c5 3.Nf3 cxd4 4.Nxd4 Nc6 5.Nc3 Qc7 6.Be2 a6 7.O-O Nf6 8.Kh1 Nxd4
9.Qxd4 Bc5 10.Qd3 h5 11.f4 b5 12.e5 Ng4 13.Ne4 Bb7 14.c3 Rd8 15.Nxc5 Qxc5
16.Qg3 f5 17.exf6 gxf6 18.b4 Qc7 19.h3 Qb6 20.f5 Kf7 21.fxe6+ dxe6 22.Qh4 e5
23.Bg5 Rdg8 24.Rad1 Ke8 25.Bxf6 Bxg2+ 26.Kxg2 Nxf6+ 27.Kh1 Rg6 28.Bf3 Rhg8
29.Qe1 Qe6 30.Qh4 Rg3 31.Bxh5+ Ke7 32.Rf3 Rxf3 33.Bxf3  1-0

[Event "JUG-ch sf"]
[Site "Kladovo"]
[Date "1994.??.??"]
[Round "?"]
[White "Vratonjic, Slobodan"]
[Black "Vojinovic, Goran"]
[Result "1/2-1/2"]
[WhiteElo "2405"]
[BlackElo "2420"]

1.e4 c5 2.Nf3 e6 3.d4 cxd4 4.Nxd4 Nc6 5.Nc3 Qc7 6.Be2 a6 7.O-O Nf6 8.Be3 Bb4
9.Na4 b5 10.Nxc6 Qxc6 11.Nb6 Rb8 12.e5 Ng8 13.Nxc8 Rxc8 14.Bd3 Bc5 15.Qg4 g6
16.Rfe1 Ne7 17.Qh4 Bxe3 18.Rxe3 Nd5 19.Re4 h6 20.c3 g5 21.Qg3 Nf4 22.Qe3 Qc5
23.Rd4 Nxd3 24.Qxd3 Qxe5 25.Rxd7 O-O 26.Rd1 b4 27.cxb4 Qxb2 28.h4 Qxb4 29.hxg5 hxg5
30.Qxa6 Rc2 31.Qa7 Qf4 32.a4 Ra2 33.a5 Qa4 34.Qe3 Qxa5 35.R7d5 exd5 36.Qxg5+ Kh8
37.Rxd5 Qxd5 38.Qxd5 Ra1+ 39.Kh2 Ra6 40.g4 Rg6 41.Qf5 Kg7 42.Kg3 Re8 43.f3 Rf6
44.Qg5+ Rg6 45.Qd5 Rf8 46.f4 f6 47.Qd4 Kh7 48.Qd7+ Rg7 49.Qf5+ Kg8 50.Kf3 Re7
51.Qg6+ Rg7 52.Qe4 Rff7 53.Qe6 Kh8 54.Qe8+ Kh7  1/2-1/2

[Event "JUG-ch sf"]
[Site "Kladovo"]
[Date "1994.??.??"]
[Round "?"]
[White "Pikula, Dejan"]
[Black "Matulovic, Milan"]
[Result "1-0"]
[WhiteElo "2360"]
[BlackElo "2460"]

1.e4 c5 2.Nf3 e6 3.d4 cxd4 4.Nxd4 Nc6 5.Nc3 Qc7 6.Be3 a6 7.Bd3 Nf6 8.O-O Ne5
9.h3 Bc5 10.a4 b6 11.Kh1 Bb7 12.a5 bxa5 13.f4 Ng6 14.e5 Nd5 15.Nxd5 Bxd5
16.Qg4 O-O 17.h4 f5 18.exf6 Rxf6 19.Qg5 Raf8 20.f5 h6 21.Qg4 Ne5 22.Qg3 Bd6
23.Bf4 exf5 24.h5 Nxd3 25.cxd3 Bxf4 26.Qxf4 Qb7 27.Rf2 Qb4 28.Qe5 Bb7 29.Raf1 d6
30.Qe3 f4 31.Rxf4 Qxb2 32.R1f2 Qb1+ 33.Kh2 Rxf4 34.Rxf4 Rxf4 35.Qxf4 Qxd3
36.Ne6 Qc3 37.Qxd6 Qf6 38.Qb8+ Kf7 39.Nd8+ Ke7  1-0

[Event "JUG-ch sf"]
[Site "Kladovo"]
[Date "1994.??.??"]
[Round "?"]
[White "Knezevic, Bojan"]
[Black "Vojinovic, Goran"]
[Result "1/2-1/2"]
[WhiteElo "2385"]
[BlackElo "2420"]

1.e4 c5 2.Nf3 e6 3.d4 cxd4 4.Nxd4 Nc6 5.Nc3 Qc7 6.Be2 a6 7.f4 b5 8.Nxc6 Qxc6
9.Bf3 Bb7 10.Be3 Rc8 11.Qd3 Bb4 12.Bd4 Nf6 13.O-O-O Bxc3 14.Bxc3 Qc4 15.Bxf6  1/2-1/2

[Event "JUG-ch sf"]
[Site "Kladovo"]
[Date "1994.??.??"]
[Round "?"]
[White "Kosanovic, Goran A"]
[Black "Marjanovic, Slavoljub"]
[Result "1/2-1/2"]
[WhiteElo "2370"]
[BlackElo "2425"]

1.e4 c5 2.Nf3 e6 3.d4 cxd4 4.Nxd4 Nc6 5.Nc3 Qc7 6.Be2 a6 7.f4 b5 8.Nxc6 Qxc6
9.Bf3 Bb7 10.Be3 Qc4 11.Qd3 Qxd3 12.cxd3 Rc8 13.O-O Bb4 14.Rac1 Ne7 15.a3 Bxc3
16.Rxc3 Rxc3 17.bxc3 d6 18.c4 Kd7 19.Rb1 Bc6 20.cxb5  1/2-1/2

[Event "JUG-ch sf"]
[Site "Kladovo"]
[Date "1994.??.??"]
[Round "?"]
[White "Kovacevic, Aleksandar"]
[Black "Arsovic, Zoran"]
[Result "1-0"]
[WhiteElo "2405"]
[BlackElo "2325"]

1.e4 c5 2.Nf3 e6 3.d4 cxd4 4.Nxd4 Nc6 5.Nc3 Qc7 6.Be2 Nf6 7.O-O Be7 8.Kh1 O-O
9.f4 d6 10.Be3 Rd8 11.Ndb5 Qb8 12.Qe1 Bd7 13.Qg3 a6 14.Nd4 Be8 15.f5 Nxd4
16.Bxd4 e5 17.Be3 Rc8 18.Bd3 Kh8 19.Bg5 Nh5 20.Qh4 Bxg5 21.Qxg5 Nf6 22.Qh4 Bc6
23.Rf3 Qa7 24.Rd1 Qb6 25.b3 Bb5 26.Nxb5 axb5 27.g4 d5 28.g5 Nxe4 29.Bxe4 dxe4
30.Rh3 h6 31.Rg1 e3 32.gxh6 Qc6+ 33.Rg2 g6 34.Rxe3 Rxa2 35.Re2 Ra1+ 36.Re1 Rxe1+
37.Qxe1 Qd5 38.fxg6 fxg6 39.Qf2 Qd1+ 40.Rg1 Qd5+ 41.Rg2 Qe6 42.Rg3 Kh7 43.Kg1 Qf5
44.Qxf5 gxf5 45.Rg5 Rf8 46.Rg7+ Kxh6 47.Rxb7 Kg5 48.Rxb5 Kf4 49.c4 e4 50.c5 Kf3
51.c6 e3 52.Kf1 f4 53.Rc5 Ra8 54.Rc1 e2+ 55.Ke1 Ke3 56.c7 Rc8 57.h4 f3 58.Rc3+ Ke4
59.Kf2 Kd4 60.Rxf3 Rxc7 61.Kxe2 Rc2+ 62.Kf1 Rh2 63.Rf4+ Ke3 64.Rc4 Kf3 65.Ke1 Ke3
66.Kd1 Kd3 67.Kc1 Rg2 68.h5 Rh2 69.h6 Rxh6 70.Kb2 Rb6 71.Rh4 Rb8 72.b4 Rb7
73.Kb3 Rb8 74.Rh5 Rg8 75.b5 Rb8 76.Kb4 Kd4 77.Rh6 Kd5 78.b6 Rb7 79.Kb5 Rg7
80.Ka6  1-0

[Event "JUG-ch sf"]
[Site "Kladovo"]
[Date "1994.??.??"]
[Round "?"]
[White "Kovacevic, Aleksandar"]
[Black "Tosic, Miroslav"]
[Result "1-0"]
[WhiteElo "2405"]
[BlackElo "2445"]

1.e4 c5 2.Nf3 e6 3.d4 cxd4 4.Nxd4 Nc6 5.Nc3 Qc7 6.Be2 a6 7.O-O Nf6 8.Kh1 Be7
9.f4 d6 10.Be3 Bd7 11.Qe1 b5 12.Bd3 O-O 13.Qg3 g6 14.f5 Nxd4 15.Bxd4 b4 16.Nd1 e5
17.Be3 Kh8 18.Bg5 gxf5 19.Qh4 Qd8 20.Ne3 Ng8 21.Bxe7 Qxe7 22.Qxe7 Nxe7 23.exf5 f6
24.Be4 Rac8 25.a3 bxa3 26.Rxa3 d5 27.Bd3 d4 28.Nd1 Bb5 29.Bxb5 axb5 30.c3 b4
31.cxb4 Nd5 32.b5 Rc2 33.Re1 Rb8 34.Rb3 Rc1 35.Rg1 Rc2 36.Re1 Rb6 37.Kg1 Nf4
38.Nf2 Ne2+ 39.Kf1 Nc1 40.Ra3 Rxb5 41.Ng4 Rbxb2 42.Rg3 Rb8 43.Nxf6 d3 44.Nd7 Rd8
45.Nxe5 Rf8 46.Nf7+  1-0

[Event "JUG-ch sf"]
[Site "Kladovo"]
[Date "1994.??.??"]
[Round "?"]
[White "Marinkovic, Slavisa"]
[Black "Vojinovic, Goran"]
[Result "1/2-1/2"]
[WhiteElo "2375"]
[BlackElo "2420"]

1.e4 c5 2.Nf3 e6 3.d4 cxd4 4.Nxd4 Nc6 5.Nc3 Qc7 6.g3 a6 7.Bg2 Nf6 8.O-O Nxd4
9.Qxd4 Bc5 10.Bf4 d6 11.Qd2 h6 12.Rad1 e5 13.Be3 Bg4 14.Bxc5 dxc5 15.Qd6 Rc8
16.Rd2 Qxd6 17.Rxd6 Nd7 18.Nd5 Rc6 19.Rxc6 bxc6 20.Ne3 Be6 21.Rd1 Ke7 22.Bf1 Nb6
23.b3 a5 24.f4 exf4 25.gxf4 f6 26.Kf2  1/2-1/2

[Event "JUG-ch sf"]
[Site "Kladovo"]
[Date "1994.??.??"]
[Round "?"]
[White "Kovacevic, Aleksandar"]
[Black "Vratonjic, Slobodan"]
[Result "1/2-1/2"]
[WhiteElo "2405"]
[BlackElo "2405"]

1.e4 c5 2.Nf3 e6 3.d4 cxd4 4.Nxd4 Nc6 5.Nc3 Qc7 6.Be2 Nf6 7.O-O Be7 8.Kh1 O-O
9.f4 d6 10.Be3 Bd7 11.Nb3 Rfd8 12.Qe1 Be8  1/2-1/2

[Event "Kstovo op"]
[Site "Kstovo"]
[Date "1994.??.??"]
[Round "5"]
[White "Minasian, Ara"]
[Black "Brodsky, Michail"]
[Result "1/2-1/2"]
[WhiteElo "2380"]
[BlackElo "2545"]

1.e4 c5 2.Nf3 e6 3.d4 cxd4 4.Nxd4 Nc6 5.Nc3 Qc7 6.g3 a6 7.Bg2 d6 8.O-O Bd7
9.Re1 Be7 10.Nxc6 Bxc6 11.Qg4 h5 12.Qe2 h4 13.Bf4 hxg3 14.hxg3 Nf6 15.Rad1 Rd8
16.a4 Nh5 17.Be3 Nf6 18.Bf4 Nh5  1/2-1/2

[Event "Kstovo op"]
[Site "Kstovo"]
[Date "1994.??.??"]
[Round "9"]
[White "Varavin, Viktor"]
[Black "Tunik, Gennady"]
[Result "1-0"]
[WhiteElo "2510"]
[BlackElo "2450"]

1.e4 c5 2.Nf3 Nc6 3.d4 cxd4 4.Nxd4 e6 5.Nc3 a6 6.Be2 Qc7 7.O-O Nf6 8.Be3 Bb4
9.Na4 Be7 10.c4 Nxe4 11.Bf3 Nf6 12.c5 O-O 13.Rc1 Rd8 14.Qb3 Ne5 15.Bf4 Nxf3+
16.Qxf3 e5 17.Nf5 Re8 18.Nb6 Rb8 19.Qg3 Nh5 20.Bxe5 d6 21.cxd6 Qxb6 22.Nxe7+ Kf8
23.Qg5  1-0

[Event "Las Palmas"]
[Site "Las Palmas"]
[Date "1994.??.??"]
[Round "9"]
[White "Topalov, Veselin"]
[Black "Lautier, Joel"]
[Result "1/2-1/2"]
[WhiteElo "2640"]
[BlackElo "2625"]

1.e4 c5 2.Nf3 e6 3.d4 cxd4 4.Nxd4 Nc6 5.Nc3 Qc7 6.g3 a6 7.Bg2 Nf6 8.O-O d6
9.Be3 Be7 10.f4 O-O 11.Kh1 Rb8 12.a4 Re8 13.Qe2 Bd7 14.Nb3 Na5 15.g4 Nxb3
16.cxb3 Bc6 17.g5 Nd7 18.b4 b5 19.axb5 Bxb5 20.Nxb5 Rxb5 21.Bd2 Qc2 22.Qe3 Qc6
23.Ra3 Qb7 24.Rfa1 Rb6 25.Qe2 Nb8 26.Rh3 g6 27.Qe1 Nd7 28.Bc3 e5 29.Qh4 h5
30.Bf3 Bd8 31.f5 Rxb4 32.Re1 Nc5 33.Bxb4 Qxb4 34.Re2 Qd4 35.Bxh5 Qd1+ 36.Kg2 Nd3
37.Rxd3 Qxd3 38.fxg6 fxg6 39.Bg4 Qc4 40.Qh6 Qf7 41.Rf2 Qg7 42.Qh3 Qh7 43.Be6+ Kh8
44.Qg4 Qh5 45.Qxh5+ gxh5 46.Bf7 Rf8 47.h4 Bb6 48.Rf3 Kg7 49.Bxh5 Rh8 50.Rf7+ Kg8
51.Rb7 Rxh5 52.Rxb6 Rxh4 53.Kf3 Rf4+ 54.Ke3 Rg4 55.b4 Rxg5 56.Kd3 d5 57.exd5 Rg4
58.Kc3 Rd4 59.Rxa6 Kf7 60.b5 Rxd5 61.Kc4 Rd1 62.Kc5 e4 63.Ra4  1/2-1/2

[Event "Legnica Voivode Cup"]
[Site "Legnica"]
[Date "1994.??.??"]
[Round "?"]
[White "Dubiel, Jacek"]
[Black "Markowski, Tomasz"]
[Result "1/2-1/2"]
[WhiteElo "2400"]
[BlackElo "2475"]

1.e4 c5 2.Nf3 Nc6 3.Nc3 e6 4.d4 cxd4 5.Nxd4 d6 6.Be2 Nf6 7.O-O Be7 8.Be3 O-O
9.f4 e5 10.Nb3 a5 11.a4 Nb4 12.Bf3 Bd7 13.Rf2 Re8 14.Rd2 Qc7 15.Nb5 Bxb5
16.axb5 a4 17.Nc1 d5 18.fxe5 Nxe4 19.Bxe4 dxe4 20.c3 Bc5 21.Qe2 Qb6 22.Bxc5 Qxc5+
23.Kh1 Nd5 24.Qxe4 Qxb5 25.Nd3 a3 26.Rxa3 Nxc3 27.Qb4 Qxb4 28.Nxb4 Rxa3 29.bxa3 f6
30.Rc2 Nb5 31.a4 Nd4 32.Rc7 Rxe5 33.h3 Re1+ 34.Kh2 Rb1 35.Rxb7 Nc6 36.Rb6 Rxb4
37.Rxc6 Rxa4 38.Rc3 h5 39.Kg3 h4+ 40.Kf3 Kf7 41.Rb3 g5 42.Rc3 Rf4+ 43.Ke2 Kg6
44.Rc8 Ra4 45.Kf3 Ra3+ 46.Kf2 Ra5 47.Kf3 Kf5 48.Rb8 Ra3+ 49.Kf2 Ra4 50.Kf3  1/2-1/2

[Event "VfB op 1st"]
[Site "Leipzig"]
[Date "1994.??.??"]
[Round "?"]
[White "Baumgarten, Sven"]
[Black "Schikor, Torsten"]
[Result "1/2-1/2"]
[WhiteElo "1850"]
[BlackElo "2120"]

1.e4 c5 2.Nf3 Nc6 3.d4 cxd4 4.Nxd4 e6 5.Nc3 Qc7 6.Be3 a6 7.a3 b5 8.Nxc6 Qxc6
9.Bd3 Bb7 10.Qe2 Nf6 11.f3 Qc7 12.Rd1 Bxa3 13.Nxb5 axb5 14.bxa3 Rxa3 15.O-O b4
16.Rb1 O-O 17.Rxb4  1/2-1/2

[Event "Lenk op"]
[Site "Lenk"]
[Date "1994.??.??"]
[Round "3"]
[White "Moor, Roger"]
[Black "Kogan, Artur"]
[Result "0-1"]
[WhiteElo "2085"]
[BlackElo "2470"]

1.e4 c5 2.Nf3 e6 3.d4 cxd4 4.Nxd4 Nc6 5.Nc3 Qc7 6.Ndb5 Qb8 7.a4 Nf6 8.Bd3 Bc5
9.O-O h5 10.Kh1 Ng4 11.f4 a6 12.Na3 d6 13.Qe1 Qa7 14.Nd1 Nb4 15.Bd2 Nxd3
16.cxd3 Bd7 17.a5 Ba4 18.d4 Bxa3 19.bxa3 Qxd4 20.Bc3 Qa7 21.Qd2 e5 22.fxe5 dxe5
23.Qg5 Bxd1 24.Raxd1 O-O 25.Rd2 Qe3 26.Qxe3 Nxe3 27.Rb1 Rfd8 28.Rxb7 Rxd2
29.Bxd2 Nc4 30.Bb4 Rc8 31.Kg1 Rc6 32.Kf2 g6 33.Kg3 Kg7 34.Kf3 g5 35.h3 Rf6+
36.Kg3 Ne3 37.Kh2 Nf1+ 38.Kg1 Ng3 39.Be1 Rf1+ 40.Kh2 Nxe4 41.Bg3 Nxg3 42.Kxg3 h4+
43.Kh2 e4 44.Re7 Re1 45.a4 Kf6 46.Rxf7+  0-1

[Event "Leon"]
[Site "Leon"]
[Date "1994.??.??"]
[Round "2"]
[White "De la Villa Garcia, Jesus Maria"]
[Black "Sion Castro, Marcelino"]
[Result "1/2-1/2"]
[WhiteElo "2470"]
[BlackElo "2380"]

1.e4 c5 2.Nf3 e6 3.d4 cxd4 4.Nxd4 Nc6 5.Nc3 a6 6.Bf4 d6 7.Nf3 b5 8.Qd2 Nf6
9.a3 Ra7 10.Be2 Rd7 11.O-O Be7 12.Rad1 Bb7 13.h3 O-O 14.Qe3 Qa8 15.Rfe1 Rc8
16.Bf1 Na5 17.Nd2 h6 18.Be2 Kf8 19.Bxh6 gxh6 20.Qxh6+ Kg8 21.Bd3 Rxc3 22.Re3 Rxd3
23.cxd3 Nh7 24.Rg3+ Ng5 25.Rxg5+ Bxg5 26.Qxg5+ Kf8 27.Qh6+ Ke8 28.Qh8+ Ke7
29.Qh4+ Kf8 30.Qh6+  1/2-1/2